| 000 | 00443pab a2200157 454500 | ||
|---|---|---|---|
| 008 | 180718b1999 xxu||||| |||| 00| 0 eng d | ||
| 100 | _aMeisel, Steve | ||
| 245 | _aScreen to screen versus face to face: experiencing the differences in management education | ||
| 260 | _c1999 | ||
| 300 | _ap.719-31 | ||
| 362 | _aDec | ||
| 650 | _aManagement education | ||
| 700 | _aMarx, Bob | ||
| 773 | _aJournal of Management Education | ||
| 909 | _a43835 | ||
| 999 |
_c43835 _d43835 |
||